000 00350nam a2200157Ia 4500
003 0STCL
008 150530s9999 xx 000 0 und d
040 _aSTCL
_cSTCL
100 _aDickens
245 _aTreasury of Charles Dickens
260 _bOctopus
_c1985
546 _aEnglish
942 _2ddc
_cBK
999 _c58532
_d58532
005 20220125171048.0